History Quiz

Random History or State Quiz

U.S. Senators (1860) Quiz Stats

 Plays Quiz not verified by Sporcle

Score 0/66 Timer 15:00
0 Plays Today
State Senator % Correct
ILStephen Douglas
95.6%
MSJefferson Davis
92.6%
ARRobert Johnson
91.2%
TNAndrew Johnson
91.2%
NYWilliam Seward
83.8%
MEHannibal Hamlin
80.9%
MSAlbert Brown
79.4%
LAJudah Benjamin
76.5%
MACharles Sumner
76.5%
ALClement Clay
73.5%
ORJoseph Lane
73.5%
KYJohn Crittenden
70.6%
GARobert Toombs
69.1%
MOJames Green
69.1%
OHBenjamin Wade
69.1%
LAJohn Slidell
67.6%
MDAnthony Kennedy
67.6%
MAHenry Wilson
67.6%
NJJohn Thomson
67.6%
PASimon Cameron
67.6%
DEJames Bayard
66.2%
FLDavid Yulee
66.2%
ILLyman Trumbull
66.2%
INJesse Bright
66.2%
IAJames Grimes
66.2%
MEWilliam Fessenden
66.2%
MOTrusten Polk
66.2%
NHJohn Hale
66.2%
OREdward Baker
66.2%
RIJames Simmons
66.2%
RIHenry Anthony
66.2%
SCJames Hammond
66.2%
TNAlfred Nicholson
66.2%
State Senator % Correct
VTSolomon Foot
66.2%
VAJames Mason
66.2%
VARobert Hunter
66.2%
ALBenjamin Fitzpatrick
64.7%
ARWilliam Sebastian
64.7%
CAWilliam Gwin
64.7%
CAMilton Latham
64.7%
CTLafayette Foster
64.7%
CTJames Dixon
64.7%
DEWillard Saulsbury
64.7%
FLStephen Mallory
64.7%
GAAlfred Iverson
64.7%
INGraham Fitch
64.7%
IAJames Harlan
64.7%
KYLazarus Powell
64.7%
MDJames Pearce
64.7%
MIZachariah Chandler
64.7%
MIKinsley Bingham
64.7%
MNHenry Rice
64.7%
MNMorton Wilkinson
64.7%
NHDaniel Clark
64.7%
NJJohn Ten Eyck
64.7%
NYPreston King
64.7%
NCThomas Clingman
64.7%
NCThomas Bragg
64.7%
OHGeorge Pugh
64.7%
PAWilliam Bigler
64.7%
SCJames Chesnut
64.7%
TXLouis Wigfall
64.7%
TXJohn Hemphill
64.7%
VTJacob Collamer
64.7%
WICharles Durkee
64.7%
WIJames Doolittle
64.7%

You're not logged in!

Compare scores with friends on all Sporcle quizzes.
OR
Log In

Sporcle TV

Today on Sporcle TV


Watch our educational content, quiz creation guides, and fun videos on Sporcle TV.

Show Comments

Extras

Top Quizzes Today


Score Distribution

Your Account Isn't Verified!

In order to create a playlist on Sporcle, you need to verify the email address you used during registration. Go to your Sporcle Settings to finish the process.

Report this User

Report this user for behavior that violates our Community Guidelines.

Details: